| 000 | 00589cam a2200181u 4500 | ||
|---|---|---|---|
| 001 | 000018849 | ||
| 005 | 20200929165851.0 | ||
| 008 | 820922s1914 xx f 000 0 eng | ||
| 010 | _a14014920 | ||
| 040 |
_aDO-SdBNP _cCarP _dDLC |
||
| 050 | 0 | 0 |
_aPZ3.C355 _bHi _aPS1284 |
| 050 | 0 | 0 | _aMicrofilm 46223 PZ |
| 100 | 1 |
_aChambers, Robert W. _q(Robert William), _d1865-1933. _940611 |
|
| 245 | 1 | 4 | _aThe hidden children,. |
| 260 |
_aNew York and London, : _bD. Appleton and company, _c1914. |
||
| 300 |
_axv, p. 1 l., 650 [1] p. : _bfront., plates. ; _c19 cm. |
||
| 910 | _aCatalogación derivada / LC | ||
| 999 |
_c18369 _d18369 |
||